000 01606cam a22004934i 4500
003 PE-LiUPU
005 20250731173357.0
008 150706s r 000 0 d
020 _a9781433515767
035 _a(Sirsi) i9781433515767
040 _aPE-LiUPU
_bspa
_cPE-LiUPU
_erda
049 _aPRUA
082 0 4 _a254.1
_bP28
_221
100 1 _aPatrick, Darrin,
_eautor.
245 1 0 _aChurch planter :
_bthe man, the message, the mission /
_cDarrin Patrick.
264 1 _aWheaton, Illinois :
_bCrossway,
_c2010.
300 _a238 páginas ;
_c22 centímetros
336 _atext
_2rdacontent
337 _aunmediated
_2rdamedia
338 _avolume
_2rdacarrier
504 _aIncluye notas bibliográficas.
505 0 _aThe man -- The message -- The mission.
526 _aSEG42
526 _aSEG41
526 _aSEG40
526 _aSEG39
526 _aP94
526 _aP87
526 _aP86
526 _aP85
526 _aP77
526 _aP76
526 _aP35
541 _g184;
650 0 4 _aDesarrollo de nuevas iglesias.
650 0 4 _aEvangelismo.
_9953
650 0 4 _aMisiones.
910 _agl
_bjck
_d20101215
942 _2ddc
_cBOOK
949 _a254.1 P28
_wDEWEY
_c1
_i62398
_lCCODEBUL1
_mBUL
_p9.00
_r0
_sY
_tBOOK
_u2015-7-6
_xTEOLOGIA
_PP35
_0COMPRA
_o.STAFF. Colección General
994 _aC0
_bPEPRU
596 _a1
999 _a254.1 P28
_wDEWEY
_c51427
_i62398
_d51427
_f2021-11-10
_g5
_lCCODEBUL1
_mBUL
_p9.00
_q1
_r0
_sY
_tBOOK
_u2015-7-6
_xTEOLOGIA
_PP35
_0COMPRA
_o.STAFF. Colección General
980 _81
_gALBERTO SANCHEZ Responsable de Automatización